000 00679nam a22002057a 4500
003 OSt
005 20140310181739.0
008 130322t xxu||||| |||| 00| 0 eng d
020 _a0553276999
050 _aPS 3563
_b.M272 1988
082 _aTR 158
_bMAN 1988
245 _aThe greatest salesman in the world. Part II, The end of the story :
_b featuring the ten vows of success
_cOg Mandino
260 _aToronto ; New York
_bBantam Books
_c1988
300 _a134 p.
_c18 cm
520 _a1. Conduct of Life 2. Time Management--Merrill, A. Roger--Merrill, A. Rebecca--First Thing First
521 _aFaculty
541 _j1
562 _e1
942 _2lcc
_cBK-TR
_kTR
999 _c2714
_d2714